000 00604nam a22001937a 4500
005 20251108164947.0
008 250721s1986 xx 000 0 ara d
082 1 4 _a968/وير
100 1 _aوير، جديون س
245 1 0 _aتاريخ جنوب إفريقيا /
264 1 _aالرياض :
_bدار المريخ للنشر،
_c1986.
300 _a280ص : خرائط
650 1 7 _aإفريقيا
650 1 7 _aالتاريخ السياسي
650 1 7 _aجنوب إفريقيا
700 1 _aالشيخ، عبد الرحمن عبد الله
_eترجمة
942 _2ddc
_cBK
999 _c18479
_d18479